000 01206cab a2200253 4500
001 X92512
008 090401t1998 xxu||||| |||| 00| 0 eng d
035 _a(Sirsi) u87037
041 _aeng
245 _aAlternative development certificate
260 _c1998
350 _a0
490 _aEstates Gazette Case Summaries
_v[1998] EGCS 91 (20/6/98)
520 _a"Fletcher Estates (Harlescott) Ltd & Longmore and others v SoS Environment and others" CA 11 June 1998. Compulsory acquisition for construction of bypass - Owners applying for certificates of appropriate alternative development - Sos Environment issuing negative certificates - Owners alleging error in specifying and applying relevant date - Appeals allowed - SoS Environment appealing.
650 _aBYPASS
650 _aCERTIFICATE OF APPROPRIATE ALTERNATIVE DEVELOPMENT
650 _aCOMPULSORY ACQUISITION
650 _aCompulsory purchase
_96228
650 _aFLETCHER ESTATES (HARLESCOTT) LTD & LONGMORE AND OTHERS V SOS ENVIRONM
650 _aLAND COMPENSATION ACT 1961
690 _aENVIRONMENTAL AND LAND CONSULTANCY-PLANNING AND DEVELOPMENT-COMPULSORY PURCHASE AND COMPENSATION
942 _n0
948 _c25/06/1998
999 _c54835
_d54835